| 000 | 00000nas 2200000zi 4500 |
| 001 | 9.938299 |
| 003 | CaOODSP |
| 005 | 20240719122830 |
| 006 | m o d f |
| 007 | cr ||||||||||| |
| 008 | 240514d20182018ntc | m o f1###|0eng|d |
| 040 | |aCaOODSP|beng|erda|cCaOODSP |
| 043 | |an-cn--- |
| 086 | 1 |aR103-1E-PDF |
| 130 | 0 |aNorthern housing forum fact sheet series. |
| 245 | 10|aNorthern housing forum fact sheet series. |
| 264 | 1|aYellowknife, NT : |bNorthern Housing Forum, |c[2018] |
| 336 | |atext|btxt|2rdacontent |
| 337 | |acomputer|bc|2rdamedia |
| 338 | |aonline resource|bcr|2rdacarrier |
| 362 | 1 |aBegan and ceased with : May 2018. |
| 500 | |aIssued also in French under title: Série de fiches d'information de la Conférence sur le logement dans le Nord. |
| 588 | |aDescription based on: May 2018; title from PDF caption. |
| 588 | |aLatest issue consulted: May 2018. |
| 650 | 0|aHousing policy|zCanada, Northern|vCongresses. |
| 710 | 2 |aPolar Knowledge Canada, |esponsor. |
| 711 | 2 |aNorthern housing forum |d(May 2018 : |cYellowknife, NT)|jissuing body. |
| 775 | 08|tSérie de fiches d'information de la Conférence sur le logement dans le Nord.|w(CaOODSP)9.940383 |